|
|
|
|
| LEADER |
00872nam a2200241 4500 |
| 001 |
DLU150169934 |
| 005 |
##20150608 |
| 040 |
# |
# |
|a DLU
|b vie
|
| 041 |
# |
# |
|a vie
|
| 044 |
# |
# |
|a vn
|
| 100 |
# |
# |
|a Chu Đình Kính.
|
| 245 |
# |
# |
|a Sử dụng kết hợp các phần mềm mô phỏng phổ MS và NMR với các phổ thực nghiệm để xác định cấu trúc hoá học của hợp chất thiên nhiên 4-(5-penta-1,3-diyn-1-yl-2-thienyl)but-3-yne-1,2-diol) /
|c Chu Đình Kính, Nguyễn Thị Nụ.
|
| 700 |
# |
# |
|a Nguyễn Thị Nụ.
|
| 773 |
# |
# |
|t Hóa học
|g Số 3, 2005, tr. 317-321
|
| 920 |
# |
# |
|a Phòng Tạp chí -- Trung tâm Thông tin - Thư viện Trường Đại học Đà Lạt
|
| 994 |
# |
# |
|a DLU
|
| 900 |
# |
# |
|a True
|
| 911 |
# |
# |
|a Hoàng Thị Huyền
|
| 925 |
# |
# |
|a G
|
| 926 |
# |
# |
|a A
|
| 927 |
# |
# |
|a BB
|
| 980 |
# |
# |
|a Thư viện Trường Đại học Đà Lạt
|